header

Maintenance and loss of minority languages (Record no. 122873)

MARC details
000 -LEADER
fixed length control field 01948nam a2200457 a 4500
082 04 - DEWEY DECIMAL CLASSIFICATION NUMBER
Classification number 408/.693
245 00 - TITLE STATEMENT
Title Maintenance and loss of minority languages
260 ## - PUBLICATION, DISTRIBUTION, ETC. (IMPRINT)
Place of publication Amsterdam ;
-- Philadelphia :
Name of publisher J. Benjamins,
Year of publication 1992.
300 ## - PHYSICAL DESCRIPTION
Number of Pages xi, 403 p. :
Other physical details ill.
490 1# - SERIES STATEMENT
Series statement Studies in bilingualism (SiBil) ;
505 0# - FORMATTED CONTENTS NOTE
Formatted contents note section 1. Perspectives -- section 2. Various approaches (part 1) : linguistic studies -- section 2. Various approaches (part 2) : Sociological studies -- section 2. Various approaches (part 3) : descriptive studies -- section 3. Prospects.
650 #0 - SUBJECT ADDED ENTRY--TOPICAL TERM
Topical Term Language maintenance.
Topical Term Linguistic minorities.
Topical Term Language attrition.
Topical Term Code switching (Linguistics)
Topical Term Sociolinguistics.
700 1# - ADDED ENTRY--PERSONAL NAME
Personal name Fase, Willem.
Personal name Jaspaert, K.
Personal name Kroon, Sjaak.
856 40 - ELECTRONIC LOCATION AND ACCESS
Uniform Resource Identifier http://site.ebrary.com/lib/rucke/Doc?id=10488464

No items available.

© 2026 Rongo University
Contact us: librarian | system librarian | Rongo university